| 000 | 00739cam a22002653a 4500 | ||
|---|---|---|---|
| 001 | 32832 | ||
| 003 | PGUSA | ||
| 005 | 20140828083718.0 | ||
| 008 | 100616s2010||||xxu|||||s|||||000 1 eng d | ||
| 040 |
_aPGUSA _beng |
||
| 042 | _adc | ||
| 050 | 4 | _aPS | |
| 100 | 1 |
_aDick, Philip K., _d1928-1982 |
|
| 245 | 1 | 0 |
_aPiper in the Woods _h[electronic resource] / _cPhilip K. Dick |
| 260 |
_bProject Gutenberg, _c2010 |
||
| 506 | _aPublic domain in the USA. | ||
| 516 | _aElectronic text | ||
| 653 | _aHuman-alien encounters -- Fiction | ||
| 653 | _aPsychological fiction | ||
| 653 | _aShort stories | ||
| 653 | _aScience fiction | ||
| 830 | 0 |
_aProject Gutenberg _v32832 |
|
| 856 | 4 | 0 | _uhttp://www.gutenberg.org/ebooks/32832 |
| 942 | _cEB | ||
| 999 |
_c262087 _d262087 |
||